000 00657nam a2200193Ii 4500
003 JO-AjNU
008 230605s9999||||xx |||||||||||||| ||und||
040 _aJO-AjNU
_bara
_erda
_cJO-AjNU
041 _aara
050 1 4 _aHG8051.H3688 1980
100 3 _aالهانسي ، مختار محمود,
_eauthor
_97336
245 0 0 _aمبادىء التأمين بين الجوانب النظرية والاسس الرياضية
264 3 1 _aبيروت: دار النهضة العربية، 1980
300 _a592ص
336 _atext
_btxt
_2rdacontent
337 _aunmediated
_bn
_2rdamedia
338 _avolume
_bnc
_2rdacarrier
650 4 _aالتأمين
_97337
999 _aA228
_c3796
_d3796